| 000 | 00591nam a2200193 a 4500 | ||
|---|---|---|---|
| 001 | 000046211 | ||
| 005 | 20240412074305.0 | ||
| 008 | 091008s1977 dr 000 0 spa d | ||
| 040 |
_aDO-SdBNP _bspa _cBNPHU |
||
| 082 |
_aRD861.44 _bM878a |
||
| 100 | 1 |
_aMorrison, Mateo, _d1947- _91469 |
|
| 245 | 1 | 0 |
_aAniversario del dolor / _cMateo Morrison. |
| 250 | _a2a. ed. | ||
| 260 |
_aSanto Domingo : _b[s.n.], _c1977. |
||
| 300 |
_a62 p. ; _c21 cm. |
||
| 500 | _aIncluye datos biográficos del autor en la contracubierta | ||
| 650 | 0 |
_aPoesÃa dominicana _966 |
|
| 650 | 0 |
_aLiteratura dominicana. _967 |
|
| 999 |
_c45700 _d45700 |
||